Départements seuls à commencer et finir par la même le - Statistiques

Statistiques générales
  • Ce quiz a été pris 19 fois
  • Le résultat moyen est 21 sur 30
Statistiques - réponses
Hint Réponse % Correct
F/E Finistère
93%
Y/S Yvelines
93%
A/R Allier
87%
G/D Gard
87%
G/S Gers
87%
J/A Jura
87%
N/D Nord
87%
V/R Var
87%
Y/E Yonne
87%
B/E Bouches-du-Rhône
80%
E/R Eure-et-Loir
80%
L/R Loir-et-Cher
80%
N/E Nièvre
80%
R/E Rhône
73%
T/N Tarn
73%
T/E Tarn-et-Garonne
73%
S/S Seine-Saint-Denis
67%
V/S Vosges
67%
C/S Calvados
60%
C/D Corse-du-Sud
60%
H/N Haut-Rhin
60%
B/N Bas-Rhin
53%
C/L Cantal
53%
H/T Hérault
53%
M/N Morbihan
53%
P/E Puy-de-Dôme
53%
T/T Territoire de Belfort
53%
L/S Landes
33%
L/N La Réunion
33%
S/E Somme
27%
Aucun quiz correspondant
Distribution des résultats
% des personnes avec chaque résultat
Percentile par nombre de réponses
Votre historique - résultats
Vous n’avez pas pris ce quiz